Public education in a multicultural society : policy,theory,critique

Αποθηκεύτηκε σε:
Λεπτομέρειες βιβλιογραφικής εγγραφής
Άλλοι συγγραφείς: Fullinwider, Robert K. 1942- (Επιμελητής έκδοσης)
Μορφή: Βιβλίο
Γλώσσα:English
Δημοσίευση: New York : Cambridge University Press, 1996
Σειρά:Cambridge studies in philosophy and public policy
Θέματα:
Ετικέτες: Προσθήκη ετικέτας
Δεν υπάρχουν, Καταχωρήστε ετικέτα πρώτοι!

MARC

LEADER 00000nam a2200000 i 4500
001 1/90672
008 990930s1996 eng d
020 |a 0-521-49958-5 
035 |l 10053212 
040 |a GR-MY-UA  |b gre  |e aacr 
041 0 |a eng 
082 0 |a 370.1960973 
245 1 0 |a Public education in a multicultural society :  |b policy,theory,critique /  |c edited by Robert K.Fullinwider 
260 |a New York :   |b Cambridge University Press,   |c 1996 
300 |a 289 p 
490 1 |a Cambridge studies in philosophy and public policy 
650 0 0 |a Multicultural education  |z United States. 
650 0 0 |a Multiculturalism  |z United States. 
650 0 0 |a Multiculturalism  |x Study and teaching  |z United States. 
700 1 |a Fullinwider, Robert K.  |d 1942-  |4 edt 
830 0 |a Cambridge studies in philosophy and public policy 
852 |a INST  |b RHODES  |e 19990930  |h 370.1960973 PUB  |p 005400011970  |q 005400011970  |t BK  |y 0 
901 |a BIBL4-1999-3 
909 |a Ρ  |b 068134 
922 |a 4ΕΛΗ  |b 199908  |c ΚΠΣ/154  |d GLORY BOOKS 
970 |z 1999/09/30  |a ΤΕΡΝΕΖΗΣ  |b ΧΡΗΣΤΟΣ